| 000 | 00745nam a2200181 a 4500 | ||
|---|---|---|---|
| 008 | 130326s2011 ||||||||||||||||| || u | ||
| 020 | _a9780719576706 | ||
| 050 | _aQH 308.2 Cle | ||
| 100 | _aClegg, C. J | ||
| 245 | 1 | 0 |
_aAdvanced biology: principles and applications. (2nd ed.) _cby Clegg, C. J. [and] Mackean, D. G. |
| 250 | _a2nd ed. | ||
| 260 |
_aLondon: _bHodder Education _c2011 |
||
| 300 | _aviii,712p.: ill. | ||
| 650 | 0 | _aBIOLOGY | |
| 700 | _aMackean, D. G | ||
| 995 |
_aSHORT LOAN BOOKS _e743486 _FCBU-MAIN LIBRARY (Kitwe) _jQH 308.2 Cle _M1 _UAVAILABLE _WApr 30, 2013 _y743486 _ZShort Loan Collection |
||
| 995 |
_aSHORT LOAN BOOKS _e743486 _FCBU-MAIN LIBRARY (Kitwe) _jQH 308.2 Cle _M2 _UAVAILABLE _WApr 30, 2013 _y743487 _ZShort Loan Collection |
||
| 999 |
_c83687 _d83687 |
||